|
|
|
|
| LEADER |
01064nam a2200325 4500 |
| 001 |
DLU090095209 |
| 005 |
##20091201 |
| 040 |
# |
# |
|a DLU
|b eng
|
| 041 |
# |
# |
|a eng
|
| 044 |
# |
# |
|a us
|
| 100 |
# |
# |
|a Hakami, Amir.
|
| 245 |
# |
# |
|a Ozone formation potential of organic compounds in the Eastern United States : A comparison of episodes, inventories, domains /
|c Amir Hakami, Michelle S. Bergin, Armistead G. Russell.
|
| 653 |
# |
# |
|a Air pollution
|
| 653 |
# |
# |
|a Euler equation
|
| 653 |
# |
# |
|a Precursor
|
| 653 |
# |
# |
|a Spatial variation
|
| 653 |
# |
# |
|a Three dimensional model
|
| 653 |
# |
# |
|a Volatile organic compounds
|
| 700 |
# |
# |
|a Bergin, Michelle S.
|
| 700 |
# |
# |
|a Russell, Armistead G.
|
| 773 |
# |
# |
|t Environmental Science & Technology
|g Vol. 38, no. 24 (December 2004), p. 6748-6759
|
| 920 |
# |
# |
|a Phòng Tạp chí -- Trung tâm Thông tin - Thư viện Trường Đại học Đà Lạt
|
| 994 |
# |
# |
|a DLU
|
| 900 |
# |
# |
|a True
|
| 911 |
# |
# |
|a Trương Bảo Trâm Anh
|
| 925 |
# |
# |
|a G
|
| 926 |
# |
# |
|a A
|
| 927 |
# |
# |
|a BB
|
| 980 |
# |
# |
|a Thư viện Trường Đại học Đà Lạt
|